| 000 | 00000nam##2200000za#4500 |
| 001 | 9.601050 |
| 003 | CaOODSP |
| 005 | 20230720093656 |
| 007 | cr ||||||||||| |
| 008 | 150406|2010||||xxc|||||o f|0| 0 fre|d |
| 040 | |aCaOODSP|bfre |
| 043 | |an-cn--- |
| 086 | 1 |aYC28-0/403-7F-PDF |
| 110 | 1 |aCanada. |bParlement. |bSénat. |bComité sénatorial permanent des peuples autochtones. |
| 245 | 13|aLe chemin à parcourir : |h[ressource électronique]|brapport sur les progrès accomplis depuis les excuses présentées par le gouvernement du Canada au anciens élèves des pensionnats Autochtones / |cL'honorable Gerry St. Germain, C.P., président; L'honorable Lillian Eva Dyck, vice-présidente. |
| 246 | 3 |aRapport du Comité sénatorial permanent des peuples autochtones |
| 260 | |aOttawa - Ontario : |bSénat. |cDécembre 2010. |
| 300 | |a16p. |
| 490 | 1 |aRapport du Comité sénatorial permanent des peuples autochtones|v40e législature, 3e session, 7e rapport |
| 590 | |a11-12-Supp|b2011-07-29 |
| 775 | 08|tThe journey ahead : |w(CaOODSP)9.570306 |
| 830 | #0|aRapport du Comité sénatorial permanent des peuples autochtones ;|v40e législature, 3e session, 7e rapport|w(CaOODSP)9.501664 |
| 856 | 40|ahttp://publications.gc.ca|qPDF|s221 Ko|uhttps://publications.gc.ca/collections/collection_2011/sen/yc28-0/YC28-0-403-7-fra.pdf|y40e législature, 3e session, 7e rapport |